| 000 | 00505nam a2200157Ia 4500 | ||
|---|---|---|---|
| 008 | 170221s9999 xx 000 0 und d | ||
| 100 | _aChi-yin Hong | ||
| 245 | _aDirectness and Appropriateness—Complaints Perceived by English Users of Different Ages in Taiwan | ||
| 245 | _cChi-yin Hong | ||
| 260 | _bStudies in Media and Communication | ||
| 260 | _c2013 | ||
| 300 | _a1 : 2 | ||
| 650 | _xCommunication | ||
| 650 | _xMedia Arts | ||
| 856 | _uhttp://redfame.com/journal/index.php/smc/issue/view/6 | ||
| 999 |
_c307236 _d307236 |
||